00382pab a2200121 454500008004000000100002800040245008200068260000900150300000900159362001400168650002200182773005600204180718b1987 xxu||||| |||| 00| 0 eng d aCheek - Milby, Kathleen aReasserting the congressional power of the pursebExpectations and experience c1987 a1-76 aJul.-Dec. aBudgetary Control aJournal of Constitutional and Parliamentary Studies